000 00315nam a2200133 i 4500
001 bg
100 1 _aMORRISH, Allan H.
245 0 _aFizyczne podstawy magnetyzmu /
_cAllan H. Morrish.
260 _aWarszawa,
_c1970.
040 _cBPK
041 _apol
942 _cKS
008 s pl f |000 0 pol
999 _c12384
_d12384
856 _uhttp://koha.tu.koszalin.pl/cgi-bin/koha/opac-detail.pl?biblionumber=12384
_yKatalog online BPK